| 000 | 01153nam a22003015a 4500 | ||
|---|---|---|---|
| 006 | a||||f ||z| 00| 0 | ||
| 008 | 080908t2003 njua|||fr|||| 00| 0 eng d | ||
| 010 | _a 2002017088 | ||
| 020 | _a0130930059 | ||
| 020 | _a9780130930057 | ||
| 040 |
_aEG-ScBUE _beng _cEG-ScBUE |
||
| 082 | 0 | 4 |
_a624.151360287 _bLIU _222 |
| 100 | 1 |
_aLiu, Cheng, _95344 |
|
| 245 | 1 | 0 |
_aSoil properties : _btesting, measurement, and evaluation / _cCheng Liu, Jack B. Evett. |
| 250 | _a5th ed. | ||
| 260 |
_aUpper Saddle River : _bPrentice Hall, _cc.2003. |
||
| 300 |
_aviii, 424 p. : _bill. ; _c28 cm. + _e1 CD-ROM (4 3/4 in.) |
||
| 504 | _aIncludes bibliographical references. | ||
| 538 | _aSystem requirements for accompanying CD-ROM: IBM PC or compatible system; Windows 95 or higher. | ||
| 590 | _ayassmeen ashraf | ||
| 650 | 0 |
_aSoil mechanics. _95345 _2BUEsh |
|
| 650 | 0 |
_aSoils _xTesting. _95346 _2BUEsh |
|
| 651 | _2BUEsh | ||
| 653 |
_bENGGEN _cAugust2015 |
||
| 655 |
_aGeotechnics and Engineering Geology- Year 1 _vtext book _xEngineering _ySemester 2. 2008/2009 |
||
| 700 | 1 |
_aEvett, Jack B., _d1942- _95347 |
|
| 942 |
_cBB _k624.151360287 LIU _2ddc |
||
| 999 |
_c2592 _d2592 |
||